Caricamento...
KAVANA KAUMUDI
| Natura: | Printed Book |
|---|---|
| Pubblicazione: |
1979
|
| Soggetti: |
| LEADER | 00415nam a2200169 4500 | ||
|---|---|---|---|
| 020 | |||
| 082 | |a 894.812 8 KAV | ||
| 100 | |||
| 245 | |a KAVANA KAUMUDI |h Malayalam | ||
| 250 | |||
| 260 | |c 1979 | ||
| 300 | |a 139 p |f PB | ||
| 650 | |a KAVANA KAUMUDI | ||
| 700 | |||
| 942 | |c BK | ||
| 999 | |c 155150 |d 155150 | ||
| 952 | |0 0 |1 0 |4 0 |6 894_812000000000000_8_KAV |7 0 |9 168607 |a ORI |b ORI |l 0 |o 894.812 8 KAV |p ORI3622 |r 2019-10-25 |w 2019-10-25 |y BK | ||